[Event "GER-chT U10"]
[Site "Magdeburg"]
[Date "2016.12.28"]
[Round "3.4"]
[White "Bergmann, Lennart"]
[Black "Tomasjan, Samuel"]
[Result "0-1"]
[WhiteElo "890"]
[BlackElo "808"]
[PlyCount "44"]
[EventDate "2016.12.27"]
[EventType "team-swiss"]
[EventRounds "7"]
[EventCountry "GER"]
[SourceTitle "EXT 2018"]
[Source "ChessBase"]
[SourceDate "2017.10.13"]
[SourceVersion "1"]
[SourceVersionDate "2017.10.13"]
[SourceQuality "1"]
[WhiteTeam "Offenbach"]
[BlackTeam "Brackel"]
[WhiteTeamCountry "GER"]
[BlackTeamCountry "GER"]

1. e4 e5 2. Nf3 Nc6 3. Bc4 Nf6 4. Ng5 d5 5. exd5 Nxd5 6. d4 Nxd4 7. Be3 Bc5 8. c3 Nxe3 9. Nxf7 Nxd1 10. Nxd8 Nc2+ 11. Kxd1 Nxa1 12. Nf7 Rf8 13. Re1 Rxf7 14. Bxf7+ Kxf7 15. Rxe5 Bxf2 16. Re4 g5 17. Ke2 Bb6 18. Rb4 Nc2 19. Ra4 Ne3 20. g3 Bg4+ 21. Kd2 Rd8+ 22. Kc1 Rd1# 0-1